| 000 | 00662nam a2200193Ia 4500 | ||
|---|---|---|---|
| 001 | 23546 | ||
| 003 | GE_BSU | ||
| 008 | 181216s||||||||xx |||||||||||||| ||und|| | ||
| 040 | _cGE_BSU | ||
| 245 | _aМировая экономика и международные отношения Том 62, №8.август 2018 | ||
| 245 | _cГл.ред.А.В Рябов. | ||
| 260 | _aмосква | ||
| 260 | _c2018г | ||
| 300 | _a128ст;29см; | ||
| 653 | _aМировая экономика и международные отношения Том 62, №8.август 2018 | ||
| 653 | _aПериодика | ||
| 653 | _aპერიოდიკა | ||
| 942 | _cCR | ||
| 999 |
_c56433 _d56433 |
||